Sports Famous Faces - Statistics

General Stats
  • This quiz has been taken 22 times
  • The average score is 27 of 82
Answer Stats
Picture Hint Answer % Correct
French footballer (Paris Saint-Germain, France national team) – 2015–present Kylian Mbappé
92%
Swiss tennis player – 1998–2022 Roger Federer
92%
Brazilian footballer (Barcelona, Brazil national team) – 2009–present Neymar
77%
Spanish tennis player– 2001–2024 Rafael Nadal
77%
Spanish tennis player – 2001–2024 Rafael Nadal
77%
Dutch footballer (Ajax, Barcelona, Netherlands national team) – 1964–1984 Johan Cruyff
69%
Slovenian basketball player (Dallas Mavericks) – 2018–present Luka Dončić
69%
Serbian basketball player (Denver Nuggets) – 2015–present Nikola Jokić
69%
French footballer (Arsenal, France national team) – 1994–2014 Thierry Henry
69%
American basketball player (Houston Rockets) – 2009–present James Harden
62%
British racing driver – 2007–present (Formula 1 champion famous for wins, consistency, and fierce rivalries; vegan) Lewis Hamilton
62%
Egyptian footballer (Liverpool FC) – 2010–present Mohamed Salah
62%
Serbian tennis player– 2003–present Novak Djokovic
62%
American basketball player (Minnesota Timberwolves) – 2020–present Anthony Edwards
54%
Brazilian racing driver (McLaren) – 1984–1994 (in 1994 killed in a crash whilst leading the race) Ayrton Senna
54%
American tennis player– 2018–present (youngest U.S. Open finalist; major figure of the next generation) Coco Gauff
54%
English footballer – 2017–present (a defensive midfielder who shields the back line and starts attacks) Declan Rice
54%
German footballer (Bayern Munich, West Germany national team) – 1964–1983 (legendary “libero” who later won a World Cup as manager) Franz Beckenbauer
54%
Greek basketball player (Milwaukee Bucks) – 2013–present (NBA champion and MVP; known as the “Greek Freak”) Giannis Antetokounmpo
54%
American football wide receiver – 1985–2004 (widely considered the GOAT WR; NFL all-time leader in key receiving stats) Jerry Rice
54%
American basketball player (Oklahoma City Thunder, Golden State Warriors) – 2007–present Kevin Durant
54%
German footballer (Bayern Munich, Germany national team) – 2006–present (redefined the “sweeper-keeper” role) Manuel Neuer
54%
Dutch Formula One driver (Red Bull Racing) – 2015–present Max Verstappen
54%
Japanese tennis player– 2013–present Naomi Osaka
54%
German tennis player– 1982–1999 Steffi Graf
54%
Norwegian footballer (Manchester City) – 2017–present Erling Haaland
46%
English footballer (Leicester City) – 2007–present Jamie Vardy
46%
Russian tennis player– 2001–2020 Maria Sharapova
46%
Brazilian footballer (Barcelona, Brazil national team) – 1991–2015 Rivaldo
46%
Indian cricketer (India national team, Royal Challengers Bangalore) – 2008–present Virat Kohli
46%
Swedish tennis player – 1973–1983 Björn Borg
38%
American football quarterback (Cincinnati Bengals) – 2020–present Joe Burrow
38%
American football quarterback (Buffalo Bills) – 2018–present Josh Allen
38%
Romanian gymnast– 1970s (first gymnast to score a perfect 10 at the Olympics) Nadia Comăneci
38%
American football linebacker (Baltimore Ravens) – 1996–2012 Ray Lewis
38%
Brazilian football goalkeeper (Liverpool FC, Brazil national team) – 2013–present Alisson Becker
31%
Spanish tennis player– 2020–present Carlos Alcaraz
31%
American football quarterback (Philadelphia Eagles) – 1999–2011 Donovan McNabb
31%
Northern Irish footballer (Manchester United) – 1963–1984 George Best
31%
Cameroonian-American basketball player (Philadelphia 76ers) – 2014–present Joel Embiid
31%
American football quarterback (New York Jets) – 1965–1977 (famously guaranteed and won Super Bowl III) Joe Namath
31%
Belgian footballer (Manchester City) – 2008–present Kevin De Bruyne
31%
American footballer (LA Galaxy, United States national team) – 2000–2019 Landon Donovan
31%
French footballer (Juventus, France national team) – 1972–1987 (creative midfielder; three-time Ballon d’Or winner) Michel Platini
31%
Argentine/Spanish footballer (Real Madrid, Spain national team) – 1945–1966 Alfredo Di Stéfano
23%
American baseball pitcher (Texas Rangers) – 1966–1993 Nolan Ryan
23%
American ice hockey player (Chicago Blackhawks) – 2007–present (three-time Stanley Cup champion; elite playmaker) Patrick Kane
23%
American football linebacker (Pittsburgh Steelers) – 2017–present T.J. Watt
23%
American baseball player (Detroit Tigers): 1900s - 1920s (The Georgia Peach) Ty Cobb
23%
Welsh footballer (Wimbledon FC) – 1984–1999 (notorious hard-tackling midfielder; later became a film actor) Vinnie Jones
23%
American baseball player (New York Yankees) – 2016–present (power-hitting outfielder) Aaron Judge
15%
Australian tennis player– 2010–2022 (former world No. 1; retired at the top of the sport) Ashleigh Barty
15%
American basketball player (Portland Trail Blazers, Houston Rockets) – 1983–1998 (elite scorer and key part of the 1995 NBA champion Rockets) Clyde Drexler
15%
Polish tennis player – 2016–present Iga Świątek
15%
American swimmer– 2012–present Katie Ledecky
15%
Soviet football goalkeeper (Dynamo Moscow) – 1950–1970 (the only goalkeeper to win the Ballon d’Or) Lev Yashin
15%
Australian tennis player– 1958–1977 (record holder for total Grand Slam titles) Margaret Court
15%
Canadian ice hockey player (Edmonton Oilers, New York Rangers) – 1979–2004 (only captain to lead two different teams to Stanley Cups) Mark Messier
15%
American baseball player (Los Angeles Angels) – 2011–present Mike Trout
15%
American baseball player – 2014–present (five-tool star: hits, fields, runs, throws, and has power) Mookie Betts
15%
Northern Irish golfer – 2007–present (a long-hitting star who’s been world #1 and a major winner) Rory McIlroy
15%
Canadian ice hockey player (Detroit Red Wings) – 1983–2006 (franchise captain and later championship executive) Steve Yzerman
15%
Italian motorcycle racer (Yamaha, MotoGP) – 1996–2021 Valentino Rossi
15%
American golfer – 2016–present (known for “power golf” and using sports science to chase distance) Bryson DeChambeau
8%
Canadian ice hockey player (Colorado Avalanche) – 2019–present (revolutionary offensive defenseman; Conn Smythe winner) Cale Makar
8%
Mexican boxer– 2005–present Canelo Álvarez
8%
American football safety (Buffalo Bills) – 2021–present (symbol of resilience after on-field cardiac arrest) Damar Hamlin
8%
Canadian ice hockey player (Montreal Canadiens) – 1971–1991 Guy Lafleur
8%
Canadian ice hockey player (Montreal Canadiens) – 1953–1971 (iconic captain symbolizing leadership and class) Jean Béliveau
8%
German ice hockey player (Edmonton Oilers) – 2014–present (one of the NHL’s top scorers; Hart Trophy winner) Leon Draisaitl
8%
American ice hockey player (Florida Panthers) – 2016–present Matthew Tkachuk
8%
American basketball player (Minnesota Lynx) – 2011–2018 Maya Moore
8%
Canadian ice hockey player – 2013–present Nathan MacKinnon
8%
Russian ice hockey player (Tampa Bay Lightning) – 2013–present Nikita Kucherov
8%
Russian ice hockey player (Vancouver Canucks) – 1991–2003 (nicknamed “The Russian Rocket”) Pavel Bure
8%
American ice hockey player (Vancouver Canucks) – 2019–present (offensive defenseman) Quinn Hughes
8%
Australian cricketer (Australia national team) – 1985–2004 Steve Waugh
8%
American professional boxer– 2012–present (only boxer to hold undisputed titles in multiple weight classes) Claressa Shields
0%
Paraguayan footballer (Vélez Sarsfield, Paraguay national team) – 1982–2004 (goalkeeper famous for scoring free kicks and penalties) José Luis Chilavert
0%
American stock car racing driver (Hendrick Motorsports) – 2012–present Kyle Larson
0%
Sri Lankan cricketer – 1992–2011 Muttiah Muralitharan
0%
American golfer (PGA Tour) – 2019–present (world No. 1 known for elite ball-striking and consistency) Scottie Scheffler
0%
No matching quizzes found
Score Distribution
Percent of People with Each Score
Percentile by Number Answered
Your Score History
You have not taken this quiz